00633 2200181 4500001002100000005001500021035002000036007000300056008004100059082000800100084001400108245009700122250000600219260009500225300004000320600001400360100007700374INLIS00000000000220120260424042451 a0010-0426000032ta260424 g 0 ind  a636 a636 DIR s1 aStatistik Peternakan dan Kesehatan Hewan 2015 :bLivestock and Animal Health Statistics 2015 a- aJakarta :bDirektorat Jenderal Peternakan dan Kesehatan Hewan Kementerian Pertanian,c2015 av, 221 hlm, :bilus ;c21 x 29,7 cm 4aStatistik0 aDirektorat Jenderal Peternakan dan Kesehatan Hewan Kementerian Pertanian